| 000 | 00554nam a2200193 4500 | ||
|---|---|---|---|
| 001 | 117624 | ||
| 003 | ES-MaACL | ||
| 005 | 20250407063113.0 | ||
| 007 | t| | ||
| 008 | 070214s1960 sp r ||||1| cat d | ||
| 100 | 1 |
_aPedrolo, Manuel de, _d1918-1991 _989937 |
|
| 245 | 1 | 2 |
_aL'Inspector arriba tard / _cManuel de Pedrolo. |
| 260 |
_aPalma de Mallorca : _bMoll, _c1960. |
||
| 300 |
_a141 p. ; _c15 cm. |
||
| 490 | 1 |
_a"Raixa` ; _v44 |
|
| 830 | 0 |
_a"Raixa` ; _v44 _9181953 |
|
| 852 |
_aES-MaACL _jC-18852 _bR.45931 |
||
| 999 |
_c117624 _d117624 |
||